| 000 | 00834nas a2200265 4500 | ||
|---|---|---|---|
| 001 | BR9204634 | ||
| 003 | BR-BrBNA | ||
| 005 | 20231205092746.0 | ||
| 007 | ta | ||
| 008 | 230509b bl.|||p| |||| 00| 00por d | ||
| 040 |
_aBR-BrBNA _bpor _cBiblioteca Nacional de Agricultura |
||
| 041 | _a(Pt) | ||
| 072 | _aQ03 | ||
| 100 | 1 | _aAranalde, A.A. | |
| 100 | 1 | _aMartins, L.F. | |
| 100 | 1 | _aZiegler, J.C. | |
| 245 | 1 | _aOcorrencia de estafilicocos coagulase-positiva no leite cru da bacia leiteira de Pelotas, Rio Grande do Sul | |
| 650 | _aLEITE | ||
| 650 | _aESTAFILOCOCO | ||
| 650 | _aHIGIENE DE ALIMENTO | ||
| 650 | _aRIO GRANDE DO SUL | ||
| 773 | 0 |
_tRevista do Centro de Ciencias Rurais (Brazil) _xISSN 0085-5901 _g(Jun 1974), v. 4(2) p. 155-158 _wBR9204634 |
|
| 909 |
_a202311 _bLúcia _c55 _dLúcia Elande |
||
| 942 |
_2AGRIS _n0 _cANA |
||
| 999 |
_c133960 _d133960 |
||